Top 20 UK Baby Names 1924 - Statistics

General Stats
  • This quiz has been taken 131 times
  • The average score is 29 of 40
Answer Stats
# First Letter Answer % Correct
1 J John
100%
2 W William
100%
4 J James
98%
2 M Mary
98%
3 G George
97%
1 M Margaret
97%
11 P Peter
95%
8 R Robert
95%
5 T Thomas
95%
11 B Betty
92%
9 E Elizabeth
92%
17 E Elsie
90%
3 J Joan
90%
12 E Edward
89%
12 J Jean
89%
7 K Kenneth
89%
10 F Frederick
87%
5 D Dorothy
85%
7 D Doris
84%
6 K Kathleen
84%
9 A Arthur
79%
13 A Albert
75%
14 C Charles
75%
19 F Frank
70%
16 J Joseph
69%
19 W Winifred
62%
14 G Gladys
61%
16 V Vera
59%
8 I Irene
57%
18 B Barbara
56%
6 R Ronald
56%
4 J Joyce
51%
15 D Doreen
48%
15 L Leslie
48%
20 E Edna
43%
18 E Eric
43%
10 E Eileen
39%
17 S Stanley
39%
20 D Dennis
38%
13 M Marjorie
34%
No matching quizzes found
Score Distribution
Percent of People with Each Score
Percentile by Number Answered
Your Score History
You have not taken this quiz